Nemáš prácu, nemáš chlieb. Viem, čo to znamená

Reportáž zameraná na problematiku práce a života manuálne pracujúcich ľudí vo výrobe veľkých podnikov v Bratislavskom kraji.

Salvato in:
Dettagli Bibliografici
Autore principale: Sivičeková, Jana
Altri autori: Augustín, Michael, 1991-
Natura: Capitolo di libro
Lingua:slovacco
Soggetti:
Tags: Aggiungi Tag
Nessun Tag, puoi essere il primo ad aggiungerne!!

MARC

LEADER 00000naa a2200000 4500
001 0273222
005 20240502074315.9
041 0 |a slo 
044 |a SK 
245 1 0 |a Nemáš prácu, nemáš chlieb. Viem, čo to znamená  |c Jana Sivičeková, Michael Augustín 
520 |a Reportáž zameraná na problematiku práce a života manuálne pracujúcich ľudí vo výrobe veľkých podnikov v Bratislavskom kraji. 
610 2 0 |a rozhovor 
610 2 0 |a spokojnosť v práci 
610 2 0 |a regióny 
610 2 0 |a trh práce 
100 1 |a Sivičeková, Jana 
700 1 |a Augustín, Michael, 1991-